书目信息 |
| 题名: |
Backlund变换和Darboux变换
|
|
| 作者: | 罗杰斯 , 希弗 著 ;周子翔 译 | |
| 分册: | ||
| 出版信息: | 北京 科学出版社 2015.05 |
|
| 页数: | 321页 | |
| 开本: | 24cm | |
| 丛书名: | 现代数学译丛 | |
| 单 册: | ||
| 中图分类: | O186.1 , O572.3 | |
| 科图分类: | ||
| 主题词: | 微分几何--wei fen ji he , 孤立子--gu li zi | |
| 电子资源: | ||
| ISBN: | 978-7-03-044342-7 | |
| 000 | 02048nam0 2200385 450 | |
| 001 | 1808 | |
| 001 | 01CN11257730@CSLN | |
| 005 | 20161201141926.90 | |
| 010 | @a978-7-03-044342-7@dCNY128.00 | |
| 100 | @a20150610d2015 em y0chiy0121 ea | |
| 101 | 1 | @achi@ceng |
| 102 | @aCN@b110000 | |
| 105 | @aac a 000yy | |
| 200 | 1 | @aBacklund变换和Darboux变换@e几何与孤立子理论中的应用@f(澳) C. Rogers, W.K. Schief著@g周子翔译@ABacklundbian huan he Darbouxbian huan |
| 210 | @a北京@c科学出版社@d2015.05 | |
| 215 | @a321页@c图, 肖像@d24cm | |
| 225 | 2 | @a现代数学译丛@v26@Axian dai shu xue yi cong |
| 312 | @a英文题名原文取自版权页 | |
| 314 | @a责任者Rogers规范汉译姓: 罗杰斯; 责任者Schief规范汉译姓: 希弗 | |
| 314 | @aC. Rogers, 是新南威尔斯大学荣誉退休教授, 澳大利亚研究理事会复杂系统的数学与统计卓越中心特约研究员。W.K. Schief, 是新南威尔斯大学教授, 该校数学与统计学院应用数学系主任。 | |
| 320 | @a有书目 (第296-321页) | |
| 330 | @a本书大量介绍了曲面的经典微分几何同现代孤立子理论的联系,对于从十九世纪和二十世纪初著名的几何学家如Bianchi, Backlund, Eisenhart关于保持某些特殊类型的曲面的几何性质不变的变换,作者提供了大量文献。书中以大量的篇幅介绍了Backlund-Darboux变换、它们的非线性叠加原理以及在孤立子理论中的重要性。本书的宗旨是介绍这些变换以及曲面的经典微分几何同孤立子理论中的非线性方程的联系。从几何角度来看, 孤立子方程来源于在Backlund-Darboux变换下不变的各种曲面的Gauss-Mainardi-Codazzi方程组。 | |
| 333 | @a本书适合应用数学和数学物理方面的高年级本科生和研究生阅读 | |
| 410 | 0 | @12001 |
| 500 | 10 | @aBacklund and Darboux transformations-geometry and modern applications in solution theory@mChinese |
| 517 | 1 | @a几何与孤立子理论中的应用@Aji he yu gu li zi li lun zhong de ying yong |
| 606 | 0 | @a微分几何@Awei fen ji he |
| 606 | 0 | @a孤立子@Agu li zi |
| 690 | @aO186.1@v5 | |
| 690 | @aO572.3@v5 | |
| 701 | 1 | @a罗杰斯@g(Rogers, C.)@4著@Aluo jie si |
| 701 | 1 | @a希弗@g(Schief, W.K.)@4著@Axi fu |
| 702 | 0 | @a周子翔@4译@Azhou zi xiang |
| 801 | 0 | @aCN@b大连网信软件有限公司图书馆·11@c20161201 |
| 905 | @aZUCC@dO186.1@e49 | |
| Backlund变换和Darboux变换:几何与孤立子理论中的应用/(澳) C. Rogers, W.K. Schief著/周子翔译.-北京:科学出版社,2015.05 |
| 321页:图, 肖像;24cm.-(现代数学译丛;26) |
| 使用对象:本书适合应用数学和数学物理方面的高年级本科生和研究生阅读 |
| ISBN 978-7-03-044342-7:CNY128.00 |
| 本书大量介绍了曲面的经典微分几何同现代孤立子理论的联系,对于从十九世纪和二十世纪初著名的几何学家如Bianchi, Backlund, Eisenhart关于保持某些特殊类型的曲面的几何性质不变的变换,作者提供了大量文献。书中以大量的篇幅介绍了Backlund-Darboux变换、它们的非线性叠加原理以及在孤立子理论中的重要性。本书的宗旨是介绍这些变换以及曲面的经典微分几何同孤立子理论中的非线性方程的联系。从几何角度来看, 孤立子方程来源于在Backlund-Darboux变换下不变的各种曲面的Gauss-Mainardi-Codazzi方程组。 |
| ● |
| 相关链接 |
|
|
|
|
正题名:Backlund变换和Darboux变换
索取号:O186.1/49
 
预约/预借
| 序号 | 登录号 | 条形码 | 馆藏地/架位号 | 状态 | 备注 |
| 1 | 910023 | 209100239 | 第二样本阅览室/ [索取号:O186.1/49] | 在馆 | |
| 2 | 910024 | 209100248 | 第三借阅区/ [索取号:O186.1/49] | 在馆 | |
| 3 | 910025 | 209100257 | 第三借阅区/ [索取号:O186.1/49] | 在馆 | |
| 4 | 910026 | 209100266 | 密集书库-数信学院/ [索取号:O186.1/49] | 在馆 |